Human rights and common good

Uloženo v:
Podrobná bibliografie
Hlavní autor: Finnis, John (Autor)
Médium: Kniha
Jazyk:angličtina
Vydáno: New York, USA Oxford University 2011
Edice:Collected Essays, 3
Témata:
On-line přístup:Disponible Online
Tagy: Přidat tag
Žádné tagy, Buďte první, kdo vytvoří štítek k tomuto záznamu!

MARC

LEADER 00000cam a2200000 a 4500
001 UCF7642
003 CL-VaPUC
005 20210727205523.0
008 130704e20110000US |||||||||||||||||eng|d
999 |c 352450  |d 352448 
020 |a 9780199580071 
040 |c Pontificia Universidad Católica de Valparaíso 
082 0 4 |a 340.1 FIN 2011  |2 21 
100 0 |a Finnis, John  |e author  |9 569722 
245 1 0 |a Human rights and common good 
260 |a New York, USA  |b Oxford University  |c 2011 
300 |a 429 páginas  
490 0 |a Collected Essays, 3 
583 |a last modification  |c 20130704 11:43:00  |k Rodrigo Vera 
650 0 |a Filosofía del derecho   |9 255050 
650 0 |a Derechos humanos  |9 223025 
650 0 |a Derecho natural   |9 255041 
856 |u https://oxford-universitypressscholarship-com.pucv.idm.oclc.org/view/10.1093/acprof:oso/9780199580071.001.0001/acprof-9780199580071?rskey=D71V2N&result=9  |y Disponible Online  
942 |c BK  |2 ddc 
945 |d 20130704 00:00:00  |a cmena 
952 |0 0  |1 0  |4 0  |6 340_100000000000000_FIN_2011  |7 0  |8 A  |9 456979  |a BIBDER  |b BIBDER  |d 2019-11-22  |i 4982533  |o 340.1 FIN 2011  |p 4982533  |r 2023-01-25  |w 2019-11-22  |y BK  |k DER